000 00325 a2200157 4500
001 177708
020 _a
040 _cMagnum
100 _aAlves, Januária Cristina
240 1 0 _aAmor de indio
_lpor
245 1 0 _aAmor de indio
362 0 _a1899
440 1 _aPaulinas
697 _aMAGNITO: IJ/FABULAS
942 _cBK
999 _c177708
_d177708